Statistics for All 50k U.S. Cities on a Map by Letter - C

Click here to take the quiz!

General Stats

  • This quiz has been taken 695 times
  • The average score is 31 of 66

Answers on the Map

Answers color-coded by a green-red scale on the quiz's map according to % correct below.
Loading ...
 

Answer Stats

StatePopulationCity% Correct
IL2,693,976Chicago
99%
NC885,708Charlotte
97%
OH381,009Cleveland
97%
GA195,769Columbus
97%
OH898,553Columbus
97%
OH303,940Cincinnati
96%
CO478,221Colorado Springs
94%
MO123,195Columbia
90%
SC131,674Columbia
90%
SC137,566Charleston
89%
TX326,586Corpus Christi
89%
TN182,799Chattanooga
79%
WY64,235Cheyenne
78%
VA244,835Chesapeake
73%
IA133,562Cedar Rapids
72%
CA274,492Chula Vista
72%
FL194,495Cape Coral
69%
AZ261,165Chandler
67%
MA118,927Cambridge
66%
WY57,931Casper
65%
CA91,394Carson
62%
NV55,916Carson City
59%
NC170,282Cary
54%
TN158,146Clarksville
54%
NC96,341Concord
51%
CA129,295Concord
51%
ID52,414Coeur d'Alene
48%
FL133,759Coral Springs
47%
FL116,946Clearwater
45%
NJ73,562Camden
44%
OH70,447Canton
44%
IN101,068Carmel
42%
CA169,868Corona
41%
IL88,909Champaign
40%
CA115,382Carlsbad
39%
TX139,248Carrollton
39%
CA103,301Chico
39%
TX117,911College Station
39%
RI81,456Cranston
38%
CO110,937Centennial
35%
OR58,856Corvallis
34%
CA95,605Compton
32%
CA94,371Chino
30%
IA62,166Council Bluffs
30%
CA114,584Clovis
28%
NC64,051Chapel Hill
26%
CA113,003Costa Mesa
26%
ID58,481Caldwell
25%
IL80,796Cicero
25%
AR67,638Conway
24%
NJ85,052Clifton
21%
CA83,853Chino Hills
20%
CO68,484Castle Rock
18%
TX91,079Conroe
17%
MN62,998Coon Rapids
17%
AZ58,632Casa Grande
16%
CA59,276Cupertino
16%
MA55,126Chicopee
15%
CO60,336Commerce City
15%
CA69,888Camarillo
14%
CA87,796Citrus Heights
12%
TN51,040Collierville
11%
CA54,824Colton
10%
CA55,007Cathedral City
9%
TX79,462Cedar Park
9%
FL61,248Coconut Creek
8%

Score Distribution

Percentile by Number Answered

Percent of People with Each Score

Your Score History

You have not taken this quiz